00361nam a2200121Ia 4500008004100000245009800041260001700139260000900156300000900165650002300174650001200197856003000209170516s9999 xx 000 0 und d aOptical Imaging of Tumors with Copper-Labeled Rhodamine Derivatives by Targeting Mitochondria bTheranostics c2012 a2:10 xMedical Technology xMedtech uhttp://www.thno.org/v2i10